00473nam a2200145Ia 4500008004100000041000800041082001400049100002100063245004400084260003200128300002600160365000700186999001500193952011900208240624s9999 xx 000 0 und d aeng a650.1 MAC aMCCORMACK MARK H aWHAT YOU LL NEVER LEARN ON THE INTERNET c2003aLondonbProfile Books axxi, : 218 : cm. ; 20 cRS c2273d2273 00104070aIMTNbIMTNcRack 18-Bd2005-03-27eAPg250.00o650.1 MACp2273r2024-06-24 00:00:00t1w2024-06-24yBK